00553nam a2200205Ia 4500001001000000003000500010008004100015010001100056040000900067082001500076100002700091245008900118260002800207300001100235503002800246650001600274650001800290650002100308700001800329Para_9317CHAP220125s2006 xx 000 0 und d a206669 cCHAP a595.725 T6 aTomasinelli, Francesco aLa mantis religiosa y los insectos palo /c por Franceso Tomasinelli y Marco Salemi aBarcelona :b De Vecchi a127 p. aC/e (ej.1) \ C/e (ej.2) aArtropodos  aInsectos palo aMantis religosa  aSalemi, Marco